| 000 | 00520nam a2200193Ia 4500 | ||
|---|---|---|---|
| 003 | OSt | ||
| 005 | 20220918105433.0 | ||
| 006 | a|||||r|||| 00| 0 | ||
| 007 | ta | ||
| 008 | 220915b |||||||| |||| 00| 0 eng d | ||
| 024 | _a94,134 | ||
| 037 | _cReference Collections | ||
| 040 |
_aARTS _cARTS _beng |
||
| 041 |
_2eng _aeng |
||
| 082 | _aWv2:N5, L3.2(RR) | ||
| 245 | 0 | _aDocuments on political thought in modern India | |
| 942 |
_hWv2:N5, L3.2(RR) _cREF |
||
| 999 |
_c107221 _d107221 |
||